ロード中...

Assessment of Physiological Workload Related to

書誌詳細
第一著者: Suman Singh
その他の著者: And Others, Neelima Sinwal
言語:Undetermined
主題:
LEADER 00544nab a2200169Ia 4500
008 170811c99999999xx |||||||||||| ||und||
100 |a Suman Singh  
245 |a Assessment of Physiological Workload Related to 
300 |a 293-298 
653 |a  Technology 
653 |a Intervention 
700 |a  And Others 
700 |a  Neelima Sinwal  
773 |t Anthropologist   |g Vol. 13 No. 4 (October) 2011 
942 |c ART 
999 |c 177054  |d 177054 
952 |0 0  |1 0  |4 0  |7 0  |9 242902  |a LIB  |b LIB  |d 2017-08-13  |h Vol. 13 No. 4 (October) 2011  |r 2017-08-13  |w 2017-08-13  |y ART